[Event "Targu Mures op"]
[Site "Targu Mures"]
[Date "2021.07.22"]
[Round "2"]
[White "Ancuta, Eduard Gabriel"]
[Black "Nedelcu, Teodor Cosmin"]
[Result "1/2-1/2"]
[WhiteElo "1766"]
[BlackElo "2149"]
[PlyCount "172"]
[EventDate "2021.07.21"]
[EventType "swiss"]
[EventRounds "7"]
[EventCountry "ROU"]
[SourceTitle "CBM 203 Extra"]
[Source "ChessBase"]
[SourceDate "2021.09.30"]
[SourceVersion "1"]
[SourceVersionDate "2021.09.30"]
[SourceQuality "1"]

1. e4 c5 2. Nf3 e6 3. d4 cxd4 4. Nxd4 Nf6 5. Nc3 Nc6 6. g3 Bb4 7. Bg2 Qa5 8. Nde2 0-0 9. 0-0 d5 10. exd5 exd5 11. Nxd5 Rd8 12. c4 Nxd5 13. cxd5 Bg4 14. h3 Be6 15. Nf4 Ne7 16. Nxe6 fxe6 17. Bg5 exd5 18. a3 Bd6 19. b4 Qb5 20. Re1 Rd7 21. Bf1 Qb6 22. Qg4 Rf8 23. Be3 Qd8 24. Bg2 Bc7 25. Bg5 Rf7 26. Rad1 Bb6 27. Re2 d4 28. a4 d3 29. Red2 Rd4 30. Qe6 Rd6 31. Qb3 Kf8 32. a5 Bd4 33. Be3 Nf5 34. Bxd4 Nxd4 35. Qc4 Qg5 36. Rxd3 Ne2+ 37. Kh2 Rxd3 38. Rxd3 Rxf2 39. Qc8+ Kf7 40. Qxb7+ Kg6 41. Qe4+ Kh6 42. Rf3 Rxf3 43. Qxf3 Qe5 44. Bf1 Nd4 45. Qf4+ Qxf4 46. gxf4 Nc6 47. Kg3 Nxb4 48. Kf3 Kg6 49. Ke4 Kf6 50. Bc4 g6 51. Bg8 h6 52. h4 a6 53. Bc4 Nc6 54. Bxa6 Nxa5 55. Bb5 Nb7 56. Kf3 Nc5 57. Bc4 Kf5 58. Bf1 Kf6 59. Bc4 Ne6 60. Ba2 Nd4+ 61. Ke3 Nf5+ 62. Kf2 Nxh4 63. Kg3 Nf5+ 64. Kg4 Nd4 65. Bc4 Nc6 66. Bd3 Nb4 67. Be4 Na6 68. Bb7 Nc5 69. Bd5 Ne6 70. Bb3 Nd4 71. Bc4 h5+ 72. Kg3 Nf5+ 73. Kf2 Ke7 74. Kf3 Kf6 75. Kf2 Nd4 76. Kg3 Kg7 77. Bd3 Kf7 78. Bc4+ Kf6 79. Bd3 Nf5+ 80. Kf2 Ke6 81. Bc4+ Kd6 82. Bf7 Ne7 83. Kg3 Kc5 84. Kh4 Kd4 85. Bxg6 Nxg6+ 86. Kxh5 Nxf4+ 1/2-1/2

[Event "ROM-ch U14"]
[Site "Mamaia"]
[Date "2021.04.12"]
[Round "8"]
[White "Cnejev, Vladimir Alexandru"]
[Black "Ancuta, Eduard Gabriel"]
[Result "1-0"]
[WhiteElo "2172"]
[BlackElo "1704"]
[PlyCount "77"]
[EventDate "2021.04.07"]
[EventType "swiss"]
[EventRounds "9"]
[EventCountry "ROU"]
[SourceTitle "EXT 2022"]
[Source "ChessBase"]
[SourceDate "2021.10.06"]
[SourceVersion "1"]
[SourceVersionDate "2021.10.06"]
[SourceQuality "1"]

1. e4 c5 2. Nf3 g6 3. c3 d5 4. exd5 Qxd5 5. d4 Bg7 6. Be3 Nf6 7. Be2 cxd4 8. cxd4 0-0 9. Nc3 Qd8 10. 0-0 Nbd7 11. Qd2 Nb6 12. Bh6 Nbd5 13. Bxg7 Kxg7 14. Ne5 a6 15. Bf3 Be6 16. Na4 Qd6 17. Nc5 Ra7 18. Rfe1 Bc8 19. Rac1 b6 20. Nc4 Qd8 21. Nd3 Bb7 22. Nde5 Nd7 23. Ng4 N5f6 24. Qh6+ Kg8 25. Nge5 b5 26. Bxb7 Nxe5 27. dxe5 Ng4 28. Qf4 Rxb7 29. Na3 f5 30. h3 Qb6 31. hxg4 fxg4 32. Qe3 Qd8 33. Red1 Qe8 34. Nc2 e6 35. Rd6 Qf7 36. Nd4 Re7 37. Rcc6 h5 38. Rxe6 h4 39. Rxg6+ 1-0

[Event "ROM-ch U14"]
[Site "Mamaia"]
[Date "2021.04.11"]
[Round "7"]
[White "Boghici, Mario Bogdan"]
[Black "Ancuta, Eduard Gabriel"]
[Result "0-1"]
[WhiteElo "1552"]
[BlackElo "1704"]
[PlyCount "118"]
[EventDate "2021.04.07"]
[EventType "swiss"]
[EventRounds "9"]
[EventCountry "ROU"]
[SourceTitle "EXT 2022"]
[Source "ChessBase"]
[SourceDate "2021.10.06"]
[SourceVersion "1"]
[SourceVersionDate "2021.10.06"]
[SourceQuality "1"]

1. e4 c5 2. Nf3 d6 3. d4 cxd4 4. Nxd4 Nf6 5. Nc3 g6 6. Be2 Bg7 7. Be3 0-0 8. Qd2 Nc6 9. f3 d5 10. exd5 Nxd5 11. Nxd5 Qxd5 12. c4 Qe5 13. Nxc6 bxc6 14. 0-0-0 Qc7 15. Bh6 Bxh6 16. Qxh6 Qa5 17. Kb1 Rb8 18. g4 Be6 19. Qc1 Qe5 20. Rd2 f5 21. g5 f4 22. h4 Bf5+ 23. Ka1 Rb4 24. a3 Ra4 25. Ka2 Rb8 26. b3 Qe3 27. Rb2 Ra5 28. Qxe3 fxe3 29. Rd1 Re5 30. b4 a5 31. Kb3 axb4 32. axb4 Be6 33. Kc3 Rf5 34. Rd4 c5 35. Re4 cxb4+ 36. Rxb4 Rxb4 37. Kxb4 Kf7 38. Rxe3 Bd7 39. c5 Bc6 40. Bc4+ Kf8 41. Ra3 Rf4 42. Ra6 Bd5 43. c6 Rxc4+ 44. Kb5 Rc1 45. Ra8+ Kf7 46. Rc8 Be6 47. Rh8 Kg7 48. Rd8 Bf5 49. Kb6 Rc3 50. Rd5 Rxf3 51. c7 Rb3+ 52. Kc5 Rc3+ 53. Kb6 Kf7 54. Rd8 Rc4 55. Kb7 Rxh4 56. c8Q Bxc8+ 57. Rxc8 Rh5 58. Rh8 Kg7 59. Re8 Rxg5 0-1

[Event "ROM-ch U14"]
[Site "Mamaia"]
[Date "2021.04.09"]
[Round "4"]
[White "Toma, Iustin"]
[Black "Ancuta, Eduard Gabriel"]
[Result "0-1"]
[WhiteElo "1231"]
[BlackElo "1704"]
[PlyCount "124"]
[EventDate "2021.04.07"]
[EventType "swiss"]
[EventRounds "9"]
[EventCountry "ROU"]
[SourceTitle "EXT 2022"]
[Source "ChessBase"]
[SourceDate "2021.10.06"]
[SourceVersion "1"]
[SourceVersionDate "2021.10.06"]
[SourceQuality "1"]

1. c4 Nf6 2. d4 g6 3. Nf3 Bg7 4. e3 0-0 5. Be2 d6 6. 0-0 c5 7. Nc3 Nc6 8. d5 Nb4 9. a3 Na6 10. Qc2 Nc7 11. e4 e6 12. Bg5 h6 13. Bh4 exd5 14. exd5 Bf5 15. Bd3 Bxd3 16. Qxd3 Qd7 17. h3 a6 18. Rab1 b5 19. b3 Rfb8 20. Bg3 Rb6 21. Nd2 Rab8 22. Nde4 Nxe4 23. Nxe4 f5 24. Nd2 a5 25. Rfe1 a4 26. b4 cxb4 27. Rxb4 bxc4 28. Rxc4 Rb5 29. Rec1 Nxd5 30. Rc8+ Rxc8 31. Rxc8+ Qxc8 32. Qxb5 Qc1+ 33. Nf1 Nc3 34. Qe8+ Kh7 35. Bxd6 Ne4 36. Bb4 Qc2 37. f3 Qf2+ 38. Kh2 Qxf1 39. fxe4 Qf4+ 40. Kh1 fxe4 41. Qe7 e3 42. Bc3 Qf8 43. Qxg7+ Qxg7 44. Bxg7 Kxg7 45. Kg1 Kf6 46. Kf1 Ke5 47. Ke2 Kd4 48. h4 h5 49. Ke1 Kd3 50. Kd1 e2+ 51. Ke1 Ke3 52. g3 Kf3 53. g4 hxg4 54. h5 gxh5 55. Kd2 Kf2 56. Kd3 e1Q 57. Kc2 Qe8 58. Kb2 Ke2 59. Ka2 Qb8 60. Ka1 Kd2 61. Ka2 Kc2 62. Ka1 Qb1# 0-1

[Event "Romania blitz online op final"]
[Site "Chess.com INT"]
[Date "2020.05.06"]
[Round "6"]
[White "Craciun, Ovidiu"]
[Black "Ancuta, Eduard Gabriel"]
[Result "1-0"]
[WhiteElo "1930"]
[BlackElo "1604"]
[PlyCount "79"]
[EventDate "2020.05.06"]
[EventType "swiss (blitz)"]
[EventRounds "9"]
[EventCountry "ROU"]
[SourceTitle "CBM 196 Extra"]
[Source "ChessBase"]
[SourceDate "2020.07.31"]
[SourceVersion "1"]
[SourceVersionDate "2020.07.31"]
[SourceQuality "1"]

1. e4 c5 2. Nf3 e6 3. d4 cxd4 4. Nxd4 a6 5. Bd3 Qc7 6. 0-0 Nf6 7. Qe2 d6 8. f4 Nbd7 9. Be3 g6 10. f5 e5 11. fxg6 hxg6 12. Nf3 Bg7 13. Nc3 0-0 14. h3 b5 15. a3 Bb7 16. Qf2 Nc5 17. Qh4 Rae8 18. Ng5 Nh5 19. g4 f6 20. gxh5 fxg5 21. Bxg5 Nxd3 22. cxd3 gxh5 23. Qxh5 Qc5+ 24. Kg2 Rxf1 25. Rxf1 Rf8 26. Rxf8+ Kxf8 27. Bh6 Bxh6 28. Qxh6+ Ke8 29. Qe6+ Kd8 30. h4 Qc7 31. Kg3 Qg7+ 32. Qg4 Qe7 33. h5 Kc7 34. h6 Qe8 35. Qg7+ Kb6 36. h7 d5 37. h8Q Qxh8 38. Qxh8 dxe4 39. dxe4 Bxe4 40. Nxe4 1-0

[Event "ROM-ch U12"]
[Site "Calimanesti Caciulata"]
[Date "2019.04.19"]
[Round "6"]
[White "Alexandrou, Andreas Stefan"]
[Black "Ancuta, Eduard Gabriel"]
[Result "0-1"]
[WhiteElo "1317"]
[BlackElo "1443"]
[PlyCount "54"]
[EventDate "2019.04.15"]
[EventType "swiss"]
[EventRounds "9"]
[EventCountry "ROU"]
[SourceTitle "CBM 190 Extra"]
[Source "ChessBase"]
[SourceDate "2019.07.15"]
[SourceVersion "1"]
[SourceVersionDate "2019.07.15"]
[SourceQuality "1"]

1. Nf3 c5 2. g3 g6 3. Bg2 Bg7 4. 0-0 e6 5. d3 Ne7 6. Nbd2 0-0 7. e4 Nbc6 8. c3 d6 9. h3 Rb8 10. Nh2 Qc7 11. f4 f5 12. Re1 b5 13. Ndf1 b4 14. Qc2 bxc3 15. bxc3 Ba6 16. g4 Nb4 17. Qb3 c4 18. Qa3 Nc2 19. Qxa6 Nxe1 20. Bd2 Nxg2 21. Kxg2 cxd3 22. Qxd3 fxe4 23. Qxe4 Qb7 24. Qxb7 Rxb7 25. Re1 e5 26. Kg3 Nd5 27. fxe5 Bxe5+ 0-1

[Event "ROM-ch U12"]
[Site "Calimanesti Caciulata"]
[Date "2019.04.17"]
[Round "4"]
[White "Eisler, Darius"]
[Black "Ancuta, Eduard Gabriel"]
[Result "0-1"]
[WhiteElo "1061"]
[BlackElo "1443"]
[PlyCount "88"]
[EventDate "2019.04.15"]
[EventType "swiss"]
[EventRounds "9"]
[EventCountry "ROU"]
[SourceTitle "CBM 190 Extra"]
[Source "ChessBase"]
[SourceDate "2019.07.15"]
[SourceVersion "1"]
[SourceVersionDate "2019.07.15"]
[SourceQuality "1"]

1. d4 Nf6 2. e3 e6 3. Bd3 b6 4. Nf3 Bb7 5. Nbd2 c5 6. c3 Nc6 7. 0-0 cxd4 8. exd4 Be7 9. Re1 0-0 10. Nf1 d6 11. Ng3 Qd7 12. Ne4 Rfd8 13. Nxf6+ Bxf6 14. Bg5 Bxg5 15. Nxg5 h6 16. Nf3 Rac8 17. Bc2 Qc7 18. Qd3 g6 19. Qe3 Kg7 20. Rac1 Re8 21. Qf4 e5 22. dxe5 dxe5 23. Qg3 Rcd8 24. Nh4 Kh8 25. Nxg6+ fxg6 26. Qxg6 Qg7 27. Qxg7+ Kxg7 28. Red1 Rxd1+ 29. Rxd1 Rd8 30. Rxd8 Nxd8 31. g3 Kf6 32. Kf1 Ne6 33. Bb3 Bf3 34. Bxe6 Kxe6 35. Ke1 Kf5 36. Kd2 Bd5 37. a3 Kg4 38. h4 Kf3 39. Ke1 h5 40. Kf1 Bc4+ 41. Kg1 b5 42. g4 Kxg4 43. Kg2 Kxh4 44. Kf3 Kh3 0-1

[Event "ROM-ch U12"]
[Site "Calimanesti Caciulata"]
[Date "2019.04.17"]
[Round "3"]
[White "Ruse, Vlad Marian"]
[Black "Ancuta, Eduard Gabriel"]
[Result "1-0"]
[WhiteElo "1130"]
[BlackElo "1443"]
[PlyCount "103"]
[EventDate "2019.04.15"]
[EventType "swiss"]
[EventRounds "9"]
[EventCountry "ROU"]
[SourceTitle "CBM 190 Extra"]
[Source "ChessBase"]
[SourceDate "2019.07.15"]
[SourceVersion "1"]
[SourceVersionDate "2019.07.15"]
[SourceQuality "1"]

1. d4 Nf6 2. Nf3 e6 3. g3 b6 4. Bg2 Bb7 5. 0-0 c5 6. c3 Nc6 7. Ne5 Qc7 8. Nc4 cxd4 9. cxd4 Be7 10. Bf4 d6 11. Nc3 a6 12. a4 0-0 13. Qb3 Nxd4 14. Qxb6 Qxb6 15. Nxb6 Bxg2 16. Kxg2 Rab8 17. Nc4 e5 18. Be3 Nc2 19. Rab1 Nxe3+ 20. Nxe3 g6 21. Ned5 Rfe8 22. e4 Nxd5 23. Nxd5 Kg7 24. Rfc1 a5 25. Rd1 Bf8 26. Rdc1 Rec8 27. Rc3 Rxc3 28. Nxc3 Rb4 29. Kf3 f5 30. b3 fxe4+ 31. Nxe4 d5 32. Nc3 Rd4 33. Rd1 Rxd1 34. Nxd1 Kf6 35. h3 e4+ 36. Ke2 g5 37. g4 Ke5 38. Nc3 d4 39. Nd1 Bb4 40. f3 e3 41. Nb2 Kf4 42. Nd3+ Kg3 43. Nxb4 axb4 44. a5 Kf4 45. a6 d3+ 46. Kxd3 Kxf3 47. a7 e2 48. a8Q+ Kf2 49. Qf8+ Kg3 50. Kxe2 h6 51. Qxh6 Kg2 52. Qxg5 1-0

[Event "ROM-ch U12"]
[Site "Calimanesti"]
[Date "2018.03.30"]
[Round "5"]
[White "Baciu, Mihnea Iustin"]
[Black "Ancuta, Eduard Gabriel"]
[Result "1-0"]
[WhiteElo "1391"]
[BlackElo "1233"]
[PlyCount "133"]
[EventDate "2018.03.27"]
[EventType "swiss"]
[EventRounds "9"]
[EventCountry "ROU"]
[SourceTitle "CBM 183 Extra"]
[Source "ChessBase"]
[SourceDate "2018.04.19"]
[SourceVersion "1"]
[SourceVersionDate "2018.04.19"]
[SourceQuality "1"]

1. e4 c5 2. Nf3 e6 3. d4 cxd4 4. Nxd4 a6 5. Nc3 Qc7 6. Bd3 Nf6 7. 0-0 b5 8. a3 Bb7 9. Bg5 Be7 10. Re1 d6 11. h3 Nbd7 12. Qd2 Nc5 13. Rad1 h6 14. Bh4 g5 15. Bg3 e5 16. Nf5 0-0-0 17. Nd5 Bxd5 18. Nxe7+ Qxe7 19. exd5 Nxd5 20. Bf5+ Kc7 21. Qxd5 f6 22. b4 Na4 23. Be4 Kb6 24. Qc6+ Ka7 25. f3 d5 26. Bxd5 Nb6 27. Bf2 Rb8 28. Be6 Rhd8 29. Bc5 Qb7 30. Qxb7+ Kxb7 31. Bxb6 Kxb6 32. Bf5 h5 33. Rxd8 Rxd8 34. Re3 h4 35. Rd3 Rf8 36. Rd6+ Ka7 37. Rd7+ Kb6 38. Be4 a5 39. Rd6+ Kc7 40. Rc6+ Kd7 41. Rc5 axb4 42. Rxb5 bxa3 43. Ra5 Ke6 44. Rxa3 f5 45. Bd3 f4 46. Be4 Rg8 47. c4 Kd6 48. Bd5 Rg7 49. Ra6+ Kc5 50. Rc6+ Kd4 51. Be4 Rg8 52. Rc7 Rh8 53. c5 Rg8 54. c6 Kc5 55. Rd7 Kb6 56. c7 Rc8 57. Bf5 Rxc7 58. Rxc7 Kxc7 59. Kf2 Kd6 60. Ke2 Kd5 61. Kd3 e4+ 62. fxe4+ Ke5 63. Ke2 g4 64. hxg4 h3 65. gxh3 Kf6 66. Kf2 Kg5 67. e5 1-0

[Event "ROM-ch U12"]
[Site "Calimanesti"]
[Date "2018.03.29"]
[Round "4"]
[White "Baciu, Daniel"]
[Black "Ancuta, Eduard Gabriel"]
[Result "1-0"]
[WhiteElo "1478"]
[BlackElo "1233"]
[PlyCount "59"]
[EventDate "2018.03.27"]
[EventType "swiss"]
[EventRounds "9"]
[EventCountry "ROU"]
[SourceTitle "CBM 183 Extra"]
[Source "ChessBase"]
[SourceDate "2018.04.19"]
[SourceVersion "1"]
[SourceVersionDate "2018.04.19"]
[SourceQuality "1"]

1. e4 c5 2. d4 cxd4 3. c3 dxc3 4. Nxc3 e6 5. Nf3 a6 6. Bc4 Qc7 7. Qe2 Nc6 8. 0-0 d6 9. Rd1 Nf6 10. Bf4 Be7 11. Rac1 0-0 12. Bb3 b5 13. h3 Bb7 14. Nd5 exd5 15. exd5 Nxd5 16. Bxd5 Qd7 17. Bxc6 Bxc6 18. Ne5 Qe6 19. Rxc6 f6 20. Qg4 f5 21. Qg3 Rfc8 22. Rxc8+ Rxc8 23. Nf3 Qe2 24. Re1 Qxb2 25. Rxe7 b4 26. Be5 Qb1+ 27. Kh2 g6 28. Rg7+ Kf8 29. Qh4 dxe5 30. Qe7# 1-0